<?xml version="1.0" encoding="UTF-8"?>
<marc:record xmlns:marc="http://www.loc.gov/MARC21/slim">
   <marc:leader>00000nam a2200000 a 4500</marc:leader>
   <marc:datafield ind1="1" ind2=" " tag="100">
      <marc:subfield code="a">Hillen, Rinske</marc:subfield>
      <marc:subfield code="4">aut</marc:subfield>
      <marc:subfield code="e">Verfasser/-in</marc:subfield>
   </marc:datafield>
   <marc:datafield ind1="1" ind2=" " tag="100">
      <marc:subfield code="a">Faure, Ulrich</marc:subfield>
      <marc:subfield code="4">oth</marc:subfield>
      <marc:subfield code="e">Sonstiges</marc:subfield>
   </marc:datafield>
   <marc:datafield ind1=" " ind2=" " tag="653">
      <marc:subfield code="a">Verlust</marc:subfield>
   </marc:datafield>
   <marc:datafield ind1="0" ind2="0" tag="245">
      <marc:subfield code="a">Das Haus an der Keizersgracht</marc:subfield>
   </marc:datafield>
   <marc:datafield ind1="0" ind2="0" tag="245">
      <marc:subfield code="b">Roman</marc:subfield>
   </marc:datafield>
   <marc:datafield ind1="0" ind2="0" tag="245">
      <marc:subfield code="c">Hillen, Rinske</marc:subfield>
   </marc:datafield>
   <marc:datafield ind1=" " ind2="1" tag="264">
      <marc:subfield code="a">Frankfurt am Main</marc:subfield>
      <marc:subfield code="b">Schöffling</marc:subfield>
      <marc:subfield code="c">2020</marc:subfield>
   </marc:datafield>
   <marc:datafield ind1=" " ind2=" " tag="250">
      <marc:subfield code="a">1. Auflage</marc:subfield>
   </marc:datafield>
   <marc:datafield ind1="1" ind2=" " tag="520">
      <marc:subfield code="a">Angaben aus der Verlagsmeldung &#xD;
&#xD;
 &#xD;
&#xD;
  Das Haus an der Keizersgracht : Roman Houtrot / von Rinske Hillen &#xD;
&#xD;
 &#xD;
Der Naturphilosoph Bram Wenksterman lebt in einem Haus an der Keizersgracht in Amsterdam, das seit Generationen im Besitz seiner Familie ist. Alles und alle um ihn herum befinden sich in einer Art Auflösung. Das Haus verrottet ihm buchstäblich unter den Füßen, seine Tochter Amber hat gerade ihr Studium geschmissen, und Wenksterman hat seine Frau in eine psychiatrische Einrichtung einweisen müssen. Ein schlechter Zeitpunkt, um seinen millionenschweren Schwiegervater um Geld anzugehen. Dass er mit der Cousine seiner Frau ein Verhältnis begonnen hat, erleichtert die Sache nicht. Aber am meisten ärgert den alten Mann, dass seine Enkelin Amber nichts über das Familiengeheimnis weiß  vorher wird er keinen Cent herausrücken. &#xD;
»Das Haus an der Keizersgracht« ist von der wahren Geschichte zweier Grachtenhäuser inspiriert. In dem streng komponierten Roman spielt sich das Geschehen in nur drei Tagen ab  und endet mit einem gewaltigem Schutthaufen.</marc:subfield>
   </marc:datafield>
   <marc:datafield ind1=" " ind2=" " tag="020">
      <marc:subfield code="a">9783895613678</marc:subfield>
      <marc:subfield code="9">9783895613678</marc:subfield>
   </marc:datafield>
   <marc:datafield ind1=" " ind2=" " tag="020">
      <marc:subfield code="a">3895613673</marc:subfield>
      <marc:subfield code="9">3895613673</marc:subfield>
   </marc:datafield>
   <marc:datafield ind1=" " ind2=" " tag="041">
      <marc:subfield code="a">ger</marc:subfield>
   </marc:datafield>
   <marc:datafield ind1=" " ind2=" " tag="300">
      <marc:subfield code="b">Umschlagbild von Aneta Pawlik</marc:subfield>
   </marc:datafield>
   <marc:datafield ind1=" " ind2=" " tag="338">
      <marc:subfield code="a">Band</marc:subfield>
   </marc:datafield>
   <marc:datafield ind1=" " ind2=" " tag="300">
      <marc:subfield code="a">272 Seiten</marc:subfield>
   </marc:datafield>
</marc:record>
